Evolución del empleo en Chile 1990-1996

Tallennettuna:
Bibliografiset tiedot
Yhteisötekijä: MIDEPLAN (Tekijä)
Aineistotyyppi: Kirja
Kieli:espanja
Julkaistu: Santiago Mideplan 1998
Aiheet:
Tagit: Lisää tagi
Ei tageja, Lisää ensimmäinen tagi!

MARC

LEADER 00000nam a2200000 a 4500
001 UCP5199
003 CL-VaPUC
008 990903e19980000CL |||||||||||||||||spa|d
082 0 4 |a 331.120  |b MID  |2 21 
110 2 |a MIDEPLAN  |e author  |9 433369 
245 1 0 |a Evolución del empleo en Chile 1990-1996 
300 |a 203 p 
942 |c BK 
945 |d 19990903 00:00:00  |a rbrito 
260 |a Santiago  |b Mideplan  |c 1998 
650 0 |a Trabajo  |9 313876 
650 0 |a Pobreza  |9 258652 
650 0 |a Trabajadores  |9 260887 
650 7 |a FUERZA LABORAL  |2 CL-VaPUC  |9 391876 
650 0 |a Desempleo   |9 257579 
583 |a last modification  |c 19990903 00:00:00  |k Rodrigo Vera 
999 |c 282987  |d 282985 
952 |0 0  |1 0  |4 0  |6 331_120000000000000_MID_1998  |7 0  |8 P  |9 325724  |a BIBGIM  |b BIBGIM  |d 2019-11-20  |i 3507602  |o 331.120 MID 1998  |p 3507602  |r 2025-01-15  |w 2019-11-20  |y BK  |k SSL 
952 |0 0  |1 0  |4 0  |6 331_120000000000000_MID_1998  |7 0  |8 P  |9 325725  |a BIBGIM  |b BIBGIM  |d 2019-11-20  |i 3513394  |o 331.120 MID 1998  |p 3513394  |r 2025-01-15  |w 2019-11-20  |y BK  |k GIM